000 00325nam a2200145 i 4500
001 bg
245 0 _aAufgabensammlung zur technischen Mechanik.
250 _a4te verb. Aufl.
260 _aLeipzig,
_c1968.
040 _cBPK
041 _apol
080 _a531
942 _cKS
008 s pl f |000 0 pol
999 _c11577
_d11577
856 _uhttp://koha.tu.koszalin.pl/cgi-bin/koha/opac-detail.pl?biblionumber=11577
_yKatalog online BPK